000 01428cam a2200361 i 4500
005 20250331184431.0
007 ta
008 180605s2017 ck abo fr 000 0 eng d
020 _a9789585441095
040 _aCO-CtgCURN
_bspa
_ccoctgcurn
082 0 4 _a344
_bF471
_221
245 0 0 _aFighting the tide :
_bhuman rights and environmental justice in the Global South /
_cCésar Rodríguez-Garavito, director.
250 _aQuinta edición.
260 _aBogotá :
_bDejusticia,
_c2017.
300 _a348 páginas :
_bilustraciones, fotografías, mapas ;
_c24 cm.
336 _atexto
_btxt
_2rdacontent
337 _asin mediación
_bn
_2rdamedia
338 _avolumen
_bnc
_2rdacarrier
490 1 _aDejusticia series
490 1 _aHuman Rights Action Research from the Global South ;
_vvolume 2
504 _aIncluye referencias bibliográficas.
650 1 7 _aDerecho ambiental.
_2LEMB
650 1 7 _aDerechos humanos.
_2LEMB
700 1 _aRodríguez-Garavito, César,
_edirector.
830 0 _aDejusticia series.
830 0 _aHuman Rights Action Research from the Global South ;
_vvolume 2.
942 _2ddc
_aMHC
_cBKMHC
_h344
_iF471
999 _c19530
_d19530